Flags of Spanish Autonomous Communities - Statistics

General Stats
  • This quiz has been taken 169 times
  • The average score is 15 of 19
Answer Stats
Picture Answer % Correct
Catalonia
97%
Basque Country
93%
Canary Islands
90%
Andalusia
86%
Aragon
86%
Madrid
85%
Valencia
85%
Galicia
83%
Extremadura
81%
Navarre
81%
Castile-La Mancha
79%
Castile and León
78%
Ceuta
78%
Asturias
77%
La Rioja
76%
Balearic Islands
75%
Murcia
74%
Cantabria
70%
Melilla
69%
No matching quizzes found
Score Distribution
Percent of People with Each Score
Percentile by Number Answered
Your Score History
You have not taken this quiz